Managerial paper P7: Financial Accounting and tax principles: for exams in 2005 (Record no. 2983)

MARC details
005 - DATE AND TIME OF LATEST TRANSACTION
control field 20250602094634.0
020 ## - INTERNATIONAL STANDARD BOOK NUMBER
International Standard Book Number 0-7517-2145-X
082 ## - DEWEY DECIMAL CLASSIFICATION NUMBER
Classification number LECT 657.48 CIM
111 ## - MAIN ENTRY--MEETING NAME
Meeting name or jurisdiction name as entry element CIMA
245 ## - TITLE STATEMENT
Title Managerial paper P7: Financial Accounting and tax principles: for exams in 2005
250 ## - EDITION STATEMENT
Edition statement 1st Ed.
260 ## - PUBLICATION, DISTRIBUTION, ETC.
Place of publication, distribution, etc. London,
Name of publisher, distributor, etc. BPP professional education,
Date of publication, distribution, etc. 2005.
300 ## - PHYSICAL DESCRIPTION
Extent xxii, 187p.: ill.; figure, picture, table.
Dimensions 30cm.
856 ## - ELECTRONIC LOCATION AND ACCESS
Link text Access online book
Electronic name Managerial paper P7: Financial Accounting and tax principles: for exams in 2005
Path www.bpp.com
942 ## - ADDED ENTRY ELEMENTS (KOHA)
Source of classification or shelving scheme Dewey Decimal Classification
Koha item type Books
Holdings
Date last seen Total checkouts Full call number Barcode Cost, replacement price Price effective from Koha item type Lost status Source of classification or shelving scheme Damaged status Not for loan Withdrawn status Home library Current library Shelving location Date acquired Cost, normal purchase price
06/27/2025   658.15 CIM DOM000208 107250.00 06/27/2025 Books   Dewey Decimal Classification       CBE Dodoma CBE Dodoma General Collection 11/01/2001 35750.00
06/27/2025   658.15 CIM DOM000425 107250.00 06/27/2025 Books   Dewey Decimal Classification       CBE Dodoma CBE Dodoma General Collection 11/01/2001 35750.00
06/02/2025   LECT 657.48 CIM 00000010599 107250.00 06/02/2025 Books   Dewey Decimal Classification       College of Business Education Main Library College of Business Education Main Library General Collection 11/01/2006 35750.00